[Event "24th Reykjavik op"]
[Site "Reykjavik ISL"]
[Date "2009.03.30"]
[Round "7.40"]
[White "Westerberg, Claes Goran"]
[Black "Bjornsson, Sverrir Orn"]
[WhiteElo "1864"]
[BlackElo "2161"]
[Result "0-1"]
[EventDate "2009.03.24"]
[PlyCount "106"]

1.e4 c5 2.c3 Nf6 3.e5 Nd5 4.d4 cxd4 5.Nf3 e6 6.cxd4 d6 7.Nc3 Nxc3 8.bxc3 
Qc7 9.Be2 Nd7 10.exd6 Bxd6 11.Bd2 O-O 12.O-O b6 13.h3 Bb7 14.Re1 Rac8 15.
Bd3 Nf6 16.Ne5 Be7 17.Re3 Qd6 18.Rg3 Be4 19.Bh6 Bg6 20.Bf4 Qd5 21.Rg5 Ne4 
22.Nxg6 Bxg5 23.Bxe4 Qxe4 24.Bxg5 Qxg6 25.Bd2 Qd3 26.Qe1 Rfd8 27.Rd1 Qc4 
28.a3 b5 29.Qe3 Qb3 30.Re1 Qxa3 31.Qg3 Qe7 32.Bh6 Qf6 33.Bg5 Qg6 34.Bxd8 
Qxg3 35.fxg3 Rxd8 36.Ra1 Rd7 37.Kf2 Kf8 38.Ke3 Ke7 39.g4 Kd6 40.Ke4 Kc6 
41.h4 Kb6 42.g5 a5 43.g4 Rc7 44.Kd3 Ra7 45.h5 Kc6 46.Re1 Kd6 47.Rb1 Rb7 
48.Ra1 a4 49.Ra2 Kd5 50.Ra1 Ra7 51.Rb1 Ra5 52.Rf1 a3 53.Ra1 a2 0-1

[Event "24th Reykjavik op"]
[Site "Reykjavik ISL"]
[Date "2009.03.30"]
[Round "7.41"]
[White "Andersson, Christin"]
[Black "Unnarsson, Sverrir"]
[WhiteElo "2132"]
[BlackElo "1860"]
[Result "1/2-1/2"]
[EventDate "2009.03.24"]
[PlyCount "96"]

1.e4 g6 2.d4 Bg7 3.f4 d6 4.Nf3 Bg4 5.Be3 e6 6.Be2 d5 7.exd5 Bxf3 8.Bxf3 
exd5 9.c4 Ne7 10.Nc3 c6 11.cxd5 O-O 12.dxc6 Nbxc6 13.d5 Nf5 14.dxc6 Nxe3 
15.Qxd8 Raxd8 16.cxb7 Nc2+ 17.Kf2 Nxa1 18.Rxa1 Rd2+ 19.Kg3 Rxb2 20.Rc1 Rb8
21.Nb5 Rxb7 22.Bxb7 Rxb5 23.Rc7 a5 24.Rd7 Rf5 25.Bd5 Bc3 26.Kf3 g5 27.g3 
gxf4 28.g4 Rf6 29.g5 Rf5 30.Kg4 Re5 31.Bxf7+ Kf8 32.Bb3 Re7 33.Rd5 Re5 34.
Rd8+ Re8 35.Rxe8+ Kxe8 36.Kxf4 Kf8 37.h4 Kg7 38.Kf5 h6 39.g6 Be1 40.h5 Bc3
41.Ke6 Bb4 42.Kd5 Bd2 43.Kc4 Bb4 44.Bc2 Bd2 45.a3 Bc1 46.Kb3 Bd2 47.Be4 
Be1 48.Kc2 Bg3 1/2-1/2

[Event "24th Reykjavik op"]
[Site "Reykjavik ISL"]
[Date "2009.03.30"]
[Round "7.47"]
[White "Helgadottir, Sigridur Bjorg"]
[Black "Rodriguez Hurtado, Jorge"]
[WhiteElo "1646"]
[BlackElo "2052"]
[Result "1/2-1/2"]
[EventDate "2009.03.24"]
[PlyCount "117"]

1.c4 e5 2.Nc3 f5 3.d3 Bb4 4.e3 Nf6 5.g3 O-O 6.Ne2 d6 7.Bg2 c5 8.O-O Bxc3 
9.Nxc3 Nc6 10.b3 Be6 11.Nd5 Rb8 12.Bb2 Ne7 13.Nxf6+ Rxf6 14.f4 Qc7 15.d4 
exd4 16.exd4 Rf7 17.Re1 Bd7 18.Re3 b6 19.Qe2 Bc6 20.Bxc6 Nxc6 21.d5 Nd4 
22.Qd3 b5 23.Bxd4 bxc4 24.Qxc4 cxd4 25.Qxc7 Rxc7 26.Rd3 Re8 27.Rd2 d3 28.
Kf1 Rc5 29.Rad1 Rxd5 30.Rxd3 Rxd3 31.Rxd3 Rd8 32.Ke2 Kf7 33.Re3 h6 34.h4 
Rd7 35.Kd3 Rc7 36.Kd4 Rc6 37.Rc3 Ra6 38.a4 Kf6 39.Kd5 Rb6 40.Re3 Kf7 41.
Kc4 a6 42.b4 g5 43.hxg5 hxg5 44.b5 axb5+ 45.axb5 gxf4 46.gxf4 Rb8 47.Kb4 
Kf6 48.Ka5 Ra8+ 49.Kb6 Ra4 50.Kc6 Rxf4 51.Rb3 Ke5 52.b6 Rc4+ 53.Kd7 Rh4 
54.b7 Rh7+ 55.Kc6 Rxb7 56.Rxb7 f4 57.Rb4 f3 58.Rb3 Ke4 59.Rxf3 1/2-1/2

[Event "24th Reykjavik op"]
[Site "Reykjavik ISL"]
[Date "2009.03.30"]
[Round "7.48"]
[White "Jonsson Bjorn"]
[Black "Karlsson, Mikael Johann"]
[WhiteElo "2012"]
[BlackElo "1505"]
[Result "1/2-1/2"]
[EventDate "2009.03.24"]
[PlyCount "160"]

1.e4 c5 2.Nf3 Nc6 3.d4 cxd4 4.Nxd4 Qb6 5.Nb3 e6 6.Be3 Qc7 7.Bd3 Nf6 8.f4 
d6 9.Nc3 a6 10.a4 b6 11.O-O Be7 12.Qf3 Bb7 13.h3 O-O 14.Rad1 Nb4 15.Qf2 
Nd7 16.f5 Rac8 17.g4 d5 18.exd5 Nxd5 19.Nxd5 exd5 20.g5 f6 21.Nd4 Rfe8 22.
Ne6 Qc6 23.Bd4 Bc5 24.gxf6 Bxd4 25.Qxd4 Nxf6 26.Rd2 Re7 27.Rg2 Rf7 28.Rf3 
Re8 29.Rfg3 Rxe6 30.fxe6 Qxe6 31.Re3 Qc6 32.b3 Bc8 33.Rge2 Qd6 34.c4 Qb4 
35.Qe5 Qc5 36.Bf5 Bxf5 37.Qxf5 Nd7 38.Qxd5 h6 39.Qxc5 Nxc5 40.Re8+ Kh7 41.
R2e3 Kg6 42.Rb8 Rf6 43.Kg2 Kh5 44.b4 Nxa4 45.Ra3 Nb2 46.c5 bxc5 47.bxc5 
Nc4 48.Rc3 Ne5 49.Rc8 Nc6 50.Rb3 Ne5 51.Rc7 g6 52.Rb6 Rf5 53.Ra7 Nc4 54.
Rc6 a5 55.Raa6 Ne3+ 56.Kh2 Rg5 57.Rxa5 Nf1+ 58.Kh1 Kh4 59.Rf6 Nd2 60.Ra4+ 
Kxh3 61.c6 Rc5 62.Ra3+ Kh4 63.Rxg6 h5 64.Ra2 Nf3 65.Kg2 Ne5 66.Ra4+ Ng4 
67.Kf3 Rc1 68.Ke4 Kh3 69.Kd5 Ne3+ 70.Kd6 Nf5+ 71.Kd7 Rd1+ 72.Kc7 h4 73.Rb4
Ne7 74.Rb3+ Kh2 75.Rd6 Rc1 76.Kd7 Nxc6 77.Rxc6 Rxc6 78.Kxc6 h3 79.Kd5 Kg2 
80.Ke4 h2 1/2-1/2

[Event "24th Reykjavik op"]
[Site "Reykjavik ISL"]
[Date "2009.03.30"]
[Round "7.49"]
[White "Eliasson, Kristjan Orn"]
[Black "Gardarsson, Hordur"]
[WhiteElo "1940"]
[BlackElo "1951"]
[Result "1-0"]
[EventDate "2009.03.24"]
[PlyCount "75"]

1.e4 c6 2.Nf3 d5 3.e5 Bg4 4.Be2 e6 5.d4 Nd7 6.O-O c5 7.c4 Ne7 8.Qa4 cxd4 
9.h3 Bh5 10.g4 Bg6 11.Nxd4 a6 12.Bg5 Qc7 13.Bf4 Bxb1 14.Raxb1 Ng6 15.Bg3 
Nxe5 16.cxd5 exd5 17.Rbc1 Qb8 18.Rfe1 Bd6 19.f4 Qa7 20.fxe5 Bc5 21.Bf2 b5 
22.Qd1 O-O 23.Rxc5 Qxc5 24.Ne6 Qe7 25.Nxf8 Rxf8 26.Qxd5 h6 27.Bd3 h5 28.e6
fxe6 29.Qxh5 Nf6 30.Qe5 Re8 31.Bg6 Rd8 32.Qxe6+ Qxe6 33.Rxe6 Rd1+ 34.Kg2 
Rd2 35.g5 Nh7 36.Re8+ Nf8 37.Kg3 Rd5 38.h4 1-0

[Event "24th Reykjavik op"]
[Site "Reykjavik ISL"]
[Date "2009.03.30"]
[Round "7.54"]
[White "Sverrisson, Nokkvi"]
[Black "Gasanova, Ulker"]
[WhiteElo "1675"]
[BlackElo "1646"]
[Result "1-0"]
[EventDate "2009.03.24"]
[PlyCount "69"]

1.e4 c5 2.Nf3 d6 3.d4 cxd4 4.Nxd4 Nf6 5.Nc3 a6 6.Bg5 e6 7.f4 Be7 8.Qf3 Qc7
9.O-O-O b5 10.Bd3 Bb7 11.Rhe1 b4 12.Nb1 Nbd7 13.Qe2 Nc5 14.Nd2 Nxd3+ 15.
Qxd3 O-O 16.Kb1 Rfc8 17.Rc1 a5 18.Bxf6 Ba6 19.Qg3 Bxf6 20.e5 Be7 21.Ne4 
dxe5 22.fxe5 h6 23.Nd6 Rcb8 24.Rcd1 a4 25.Qf3 Bxd6 26.exd6 Qd7 27.Nc6 Re8 
28.Ne5 Qb7 29.d7 Red8 30.Qxf7+ Kh7 31.Qg6+ Kg8 32.Qxe6+ Kh7 33.Qg6+ Kg8 
34.Rd6 Bb5 35.Qf7+ 1-0

[Event "24th Reykjavik op"]
[Site "Reykjavik ISL"]
[Date "2009.03.30"]
[Round "7.55"]
[White "Andrason, Pall"]
[Black "Sigurdsson, Birkir Karl"]
[WhiteElo "1564"]
[BlackElo "1355"]
[Result "1-0"]
[EventDate "2009.03.24"]
[PlyCount "55"]

1.e4 c5 2.Nf3 Nc6 3.c3 d6 4.d4 cxd4 5.cxd4 Bd7 6.Nc3 e5 7.Be3 Nf6 8.Rc1 
exd4 9.Nxd4 Be7 10.Bc4 Ne5 11.Bb3 O-O 12.O-O h6 13.f3 a6 14.Nd5 Nc6 15.
Nxc6 Bxc6 16.Nxe7+ Qxe7 17.Rf2 Rad8 18.Rfc2 d5 19.Bc5 Qe8 20.e5 Qxe5 21.
Bxf8 Kxf8 22.Re2 Qg5 23.Qd2 Qg6 24.Rce1 Rd7 25.Bc2 Qh5 26.Qb4+ Rd6 27.
Qxd6+ Kg8 28.Qb8+ 1-0

[Event "24th Reykjavik op"]
[Site "Reykjavik ISL"]
[Date "2009.03.31"]
[Round "8.39"]
[White "Unnarsson, Sverrir"]
[Black "Berg, Runar"]
[WhiteElo "1860"]
[BlackElo "2130"]
[Result "0-1"]
[EventDate "2009.03.24"]
[PlyCount "46"]

1.e4 e5 2.Nf3 Nc6 3.Bc4 Nf6 4.d3 Bc5 5.O-O d6 6.h3 Na5 7.Bb3 Nxb3 8.axb3 
h6 9.Nc3 a6 10.Qe2 O-O 11.Be3 Bxe3 12.Qxe3 Nh5 13.Ne2 g5 14.Nh2 Nf4 15.
Nxf4 gxf4 16.Qe2 Qh4 17.f3 Kh7 18.Kh1 Rg8 19.Qf2 Rg3 20.Rg1 Bd7 21.Raf1 
Rag8 22.Ng4 h5 23.Nh2 Bxh3 0-1

[Event "24th Reykjavik op"]
[Site "Reykjavik ISL"]
[Date "2009.03.31"]
[Round "8.45"]
[White "Karlsson, Mikael Johann"]
[Black "Vigfusson, Vigfus"]
[WhiteElo "1505"]
[BlackElo "2027"]
[Result "1/2-1/2"]
[EventDate "2009.03.24"]
[PlyCount "115"]

1.c4 e6 2.Nc3 d5 3.cxd5 exd5 4.d4 c6 5.g3 Nf6 6.Bf4 Be7 7.Nf3 O-O 8.Bg2 
Re8 9.O-O Nbd7 10.Rc1 Nf8 11.Qb3 Ng6 12.Bg5 Ne4 13.Bxe7 Qxe7 14.e3 Be6 15.
Qc2 Bf5 16.Qb3 Rab8 17.Rfd1 Ng5 18.Nxg5 Qxg5 19.Qa3 a6 20.Na4 h5 21.Nc5 h4
22.Re1 Re7 23.Rc3 Rbe8 24.Qb3 h3 25.Bh1 Bc8 26.Rcc1 f5 27.Nd3 Qg4 28.Qd1 
Qg5 29.f4 Qh6 30.Qf3 Re6 31.Rc3 b6 32.b4 Bb7 33.a4 R6e7 34.Nf2 Nf8 35.Qe2 
Nd7 36.Qf1 Qd6 37.b5 axb5 38.axb5 Qb4 39.Nd1 Qxd4 40.bxc6 Nc5 41.exd4 Rxe1
42.dxc5 Ba6 43.Bxd5+ Kf8 44.Bc4 b5 45.Bb3 Rxf1+ 46.Kxf1 b4+ 47.Rc4 Rc8 48.
Ke1 Bxc4 49.Bxc4 Rxc6 50.Nb2 Rxc5 51.Kd2 Rc7 52.Kc2 g6 53.Kb3 Re7 54.Nd1 
Re1 55.Nf2 Rb1+ 56.Kc2 Rg1 57.Bd5 Re1 58.Kd2 1/2-1/2

[Event "24th Reykjavik op"]
[Site "Reykjavik ISL"]
[Date "2009.03.31"]
[Round "8.48"]
[White "Arnalds, Stefan"]
[Black "Westerberg, Claes Goran"]
[WhiteElo "1953"]
[BlackElo "1864"]
[Result "0-1"]
[EventDate "2009.03.24"]
[PlyCount "124"]

1.d4 Nf6 2.c4 e5 3.dxe5 Ng4 4.Nf3 Bc5 5.e3 Nc6 6.a3 a5 7.b3 Ngxe5 8.Bb2 
Qe7 9.Nc3 Nxf3+ 10.Qxf3 Nd4 11.Qd1 c6 12.Nd5 cxd5 13.Bxd4 Bxa3 14.Qd2 Bb4 
15.Bc3 Bxc3 16.Qxc3 O-O 17.Rxa5 Rxa5 18.Qxa5 d4 19.Qb6 dxe3 20.fxe3 Qh4+ 
21.g3 Qe4 22.Rg1 Re8 23.Kf2 d5 24.cxd5 Bg4 25.Be2 Bxe2 26.Kxe2 Qxd5 27.Rd1
Qg2+ 28.Ke1 Qg1+ 29.Ke2 Qxh2+ 30.Kf1 Qh1+ 31.Ke2 Qh2+ 32.Ke1 Qxg3+ 33.Ke2 
Qg2+ 34.Ke1 h5 35.Rd8 Qg3+ 36.Ke2 Qg4+ 37.Kd2 Rxd8+ 38.Qxd8+ Kh7 39.Qd3+ 
Qg6 40.Qd5 b6 41.b4 h4 42.Qd4 Qf6 43.Qg4 g5 44.Kd3 Qg6+ 45.Kd2 f5 46.Qf3 
Kh6 47.Qa8 Kh5 48.Qh8+ Qh6 49.Qe5 Qf8 50.Kc3 h3 51.e4 fxe4 52.Qxe4 Qf4 53.
Qh7+ Kg4 54.Kb3 Qf3+ 55.Ka4 Kg3 56.Qc7+ Kg2 57.Qc2+ Kg3 58.Qc7+ Qf4 59.
Qxb6 h2 60.Qc6 g4 61.Qc3+ Qf3 62.Qe1+ Kh3 0-1

[Event "24th Reykjavik op"]
[Site "Reykjavik ISL"]
[Date "2009.03.31"]
[Round "8.51"]
[White "Gardarsson, Hordur"]
[Black "Sverrisson, Nokkvi"]
[WhiteElo "1951"]
[BlackElo "1675"]
[Result "1/2-1/2"]
[EventDate "2009.03.24"]
[PlyCount "58"]

1.e4 c5 2.Nc3 e6 3.g3 d5 4.e5 Nc6 5.f4 a6 6.Nf3 Nge7 7.d3 Nf5 8.Bg2 Be7 9.
O-O b5 10.Kh1 Bb7 11.Bh3 Ncd4 12.Ne2 Nxf3 13.Rxf3 d4 14.Bg2 Bxf3 15.Bxf3 
Rb8 16.Bc6+ Kf8 17.Bd2 Qc7 18.Be4 h5 19.Qg1 g6 20.Rf1 Kg7 21.Qg2 b4 22.Ng1
Rh7 23.Nh3 Rbh8 24.Kg1 Qb6 25.b3 Qa5 26.Ra1 Qb5 27.Kf2 a5 28.Ke2 Rb8 29.
Rg1 Rbh8 1/2-1/2

[Event "24th Reykjavik op"]
[Site "Reykjavik ISL"]
[Date "2009.03.31"]
[Round "8.54"]
[White "Sigurdsson, Birkir Karl"]
[Black "Magnusson, Patrekur Maron"]
[WhiteElo "1355"]
[BlackElo "1902"]
[Result "0-1"]
[EventDate "2009.03.24"]
[PlyCount "52"]

1.c4 c6 2.d4 d5 3.cxd5 cxd5 4.Nc3 e6 5.e3 Nf6 6.Bd2 Nc6 7.Bb5 Bd6 8.Nf3 
O-O 9.O-O Ne4 10.h3 f5 11.Rc1 Qb6 12.Bxc6 bxc6 13.Na4 Qb5 14.Bc3 Ba6 15.
Re1 f4 16.exf4 Bxf4 17.Bd2 Nxd2 18.Nxd2 Bxd2 19.Qxd2 Qxa4 20.b3 Qb5 21.
Rxe6 Rae8 22.Qe3 Rc8 23.a4 Qd3 24.Qxd3 Bxd3 25.Rcxc6 Rb8 26.Red6 Rxb3 0-1

[Event "24th Reykjavik op"]
[Site "Reykjavik ISL"]
[Date "2009.04.01"]
[Round "9.2"]
[White "Stefansson, Hannes"]
[Black "Maze, Sebastien"]
[WhiteElo "2563"]
[BlackElo "2579"]
[Result "1-0"]
[EventDate "2009.03.24"]
[PlyCount "75"]

1.d4 Nf6 2.c4 e6 3.Nf3 c5 4.d5 d6 5.Nc3 exd5 6.cxd5 g6 7.e4 Bg7 8.h3 a6 9.
a4 Nbd7 10.Bd3 Nh5 11.Bg5 Bf6 12.Be3 Ne5 13.Be2 Nxf3+ 14.Bxf3 Ng7 15.Bf4 
g5 16.Bg3 h5 17.O-O g4 18.hxg4 hxg4 19.Bxg4 Bd4 20.Bxc8 Nh5 21.Bh2 Rxc8 
22.Qg4 Nf6 23.Qf3 Nd7 24.Ne2 Be5 25.Bxe5 Nxe5 26.Qf5 c4 27.Ra3 Qd7 28.Qf6 
Rf8 29.Nd4 Qd8 30.Qf5 Qd7 31.Rc1 Qxf5 32.Nxf5 Kd7 33.b3 Nd3 34.Rxc4 Nb2 
35.Rxc8 Rxc8 36.b4 Rc1+ 37.Kh2 Nc4 38.Rh3 1-0

[Event "24th Reykjavik op"]
[Site "Reykjavik ISL"]
[Date "2009.04.01"]
[Round "9.3"]
[White "Steingrimsson, Hedinn"]
[Black "Gupta, Abhijeet"]
[WhiteElo "2547"]
[BlackElo "2569"]
[Result "1-0"]
[EventDate "2009.03.24"]
[PlyCount "143"]

1.Nf3 Nf6 2.c4 g6 3.Nc3 d5 4.Qa4+ Bd7 5.Qb3 dxc4 6.Qxc4 a6 7.d4 b5 8.Qb3 
c5 9.dxc5 Bg7 10.e4 O-O 11.Be2 Be6 12.Qc2 Nbd7 13.Be3 Rc8 14.c6 Rxc6 15.
Nd4 Rd6 16.Nxe6 Rxe6 17.f3 Qa5 18.O-O Rc8 19.Qb1 Nb6 20.a3 Nbd5 21.Bd2 Nh5
22.exd5 Bxc3 23.dxe6 Bd4+ 24.Be3 Bxe3+ 25.Kh1 f5 26.Qd3 Bg5 27.Rfd1 Nf4 
28.Qd7 Rf8 29.Bf1 Qb6 30.Rac1 Qf2 31.Rd2 Qe3 32.Rcd1 Bf6 33.Qc6 Nh5 34.g3 
Kg7 35.Re2 Qb3 36.Qd5 Qa4 37.Rc1 Qa5 38.Rd2 Qb6 39.Rc5 Rd8 40.Qxd8 Qxc5 
41.Kg2 Qe3 42.Qd5 Qb6 43.Be2 Kh6 44.Bd1 Ng7 45.Re2 Ne8 46.b4 Nd6 47.Qc5 
Qb7 48.Bb3 Kg7 49.Bd5 Qb8 50.Rc2 h5 51.Qc7 Qh8 52.Rc6 Qh6 53.f4 Ne4 54.
Bxe4 fxe4 55.h4 Qh8 56.Rxa6 Kh6 57.Ra7 Bxh4 58.Qc2 Qd4 59.Rd7 Qe3 60.Qf2 
Qb3 61.gxh4 Qxe6 62.Rd8 Qg4+ 63.Kh2 e3 64.Qxe3 Qxh4+ 65.Kg1 Qg4+ 66.Kf1 
Qf5 67.Ke1 e6 68.Kd2 h4 69.Rh8+ Kg7 70.Rxh4 Qd5+ 71.Ke1 g5 72.fxg5 1-0

[Event "24th Reykjavik op"]
[Site "Reykjavik ISL"]
[Date "2009.04.01"]
[Round "9.6"]
[White "Lund Esben"]
[Black "Shytaj, Luca"]
[WhiteElo "2421"]
[BlackElo "2453"]
[Result "0-1"]
[EventDate "2009.03.24"]
[PlyCount "152"]

1.d4 Nf6 2.c4 c5 3.d5 b5 4.cxb5 a6 5.bxa6 g6 6.Nc3 Bxa6 7.g3 d6 8.Bg2 Nbd7
9.Nf3 Nb6 10.b3 Bg7 11.Rb1 Bb7 12.Nh4 O-O 13.Bb2 Ne8 14.O-O Nc7 15.e4 Bxc3
16.Bxc3 Nb5 17.Ba1 Rxa2 18.f4 Nd7 19.Rb2 Rxb2 20.Bxb2 Nf6 21.Kh1 Qd7 22.
Qd2 Ra8 23.Ra1 Rxa1+ 24.Bxa1 Qc8 25.Qd3 Nd4 26.h3 Ba6 27.Qb1 Qb8 28.Kh2 
Qxb3 29.Qxb3 Nxb3 30.Bc3 Bd3 31.e5 Ne4 32.Be1 c4 33.exd6 exd6 34.Bxe4 Bxe4
35.Ng2 Bxd5 36.Ne3 Be6 37.g4 f5 38.gxf5 gxf5 39.Nc2 Kf7 40.Kg3 Nc5 41.Kf3 
Ne4 42.Ke3 Nc5 43.Bb4 Ke7 44.Nd4 Kd7 45.Nb5 Ne4 46.Nc3 Nf6 47.Kd4 Kc6 48.
Ba5 Nh5 49.Ne2 Bd5 50.Ke3 Be4 51.Nd4+ Kd5 52.Nb5 Kc5 53.Nc7 Bd5 54.Bc3 Bf7
55.Na6+ Kb5 56.Nb4 Ka4 57.Nc2 Bd5 58.Nd4 Be4 59.Bd2 Nf6 60.Ne2 Kb3 61.Nd4+
Kb2 62.Nb5 Nd5+ 63.Kd4 Kc2 64.Ba5 Nxf4 65.Nxd6 Bd3 66.Ke5 Ng6+ 67.Kd4 f4 
68.Nxc4 Bxc4 69.Kxc4 f3 70.Bb6 Kd2 71.Kd5 Ke2 72.Ke6 f2 73.Bxf2 Kxf2 74.h4
Nxh4 75.Kf6 Ng6 76.Kg5 Nf8 0-1

[Event "24th Reykjavik op"]
[Site "Reykjavik ISL"]
[Date "2009.04.01"]
[Round "9.7"]
[White "Caspi, Israel"]
[Black "Vocaturo, Daniele"]
[WhiteElo "2402"]
[BlackElo "2445"]
[Result "0-1"]
[EventDate "2009.03.24"]
[PlyCount "86"]

1.e4 e5 2.Nf3 Nc6 3.Bb5 a6 4.Ba4 Nf6 5.O-O Nxe4 6.d4 b5 7.Bb3 d5 8.dxe5 
Be6 9.Nbd2 Nc5 10.c3 Bg4 11.Bc2 Ne6 12.Re1 Bc5 13.Nf1 Ne7 14.Ng3 O-O 15.h3
Bxf3 16.Qxf3 f5 17.Nh5 Qd7 18.Bd2 a5 19.Rad1 c6 20.Bb1 Ng6 21.Kh1 Qf7 22.
Qe2 f4 23.Qd3 Qe7 24.Qf3 Qg5 25.Qg4 Qxg4 26.hxg4 Bxf2 27.Re2 Bb6 28.Bf5 
Rae8 29.a4 bxa4 30.Ra1 Nc5 31.Rae1 Nh4 32.Bxf4 Nxf5 33.gxf5 Rxf5 34.g4 
Rff8 35.Be3 Nd7 36.e6 Rxe6 37.Bxb6 Rxe2 38.Rxe2 Nxb6 39.Re6 Nc4 40.g5 Nxb2
41.Re7 a3 42.Rxg7+ Kh8 43.Ra7 a2 0-1

[Event "24th Reykjavik op"]
[Site "Reykjavik ISL"]
[Date "2009.04.01"]
[Round "9.8"]
[White "Hillarp Persson, Tiger"]
[Black "Popovic, Milos"]
[WhiteElo "2586"]
[BlackElo "2400"]
[Result "0-1"]
[EventDate "2009.03.24"]
[PlyCount "100"]

1.d4 Nf6 2.c4 e6 3.Nc3 Bb4 4.e3 O-O 5.Bd3 d5 6.Nf3 c5 7.O-O dxc4 8.Bxc4 
cxd4 9.exd4 Nbd7 10.Bg5 h6 11.Bh4 Bxc3 12.bxc3 b6 13.Rc1 Bb7 14.Re1 Qc7 
15.Bf1 Rac8 16.Bg3 Qd8 17.Bd3 Re8 18.a4 Nh5 19.Bh4 Bxf3 20.Qxf3 Qxh4 21.g3
Qg5 22.h4 Qd5 23.Be4 Qa5 24.Bc6 Nhf6 25.g4 Red8 26.Bb5 a6 27.Bf1 Qd5 28.
Qg3 Nb8 29.g5 hxg5 30.hxg5 Ne4 31.Rxe4 Qxe4 32.Bd3 Qd5 33.Qh4 Nd7 34.Bh7+ 
Kf8 35.Be4 Qd6 36.d5 Nc5 37.Bg2 Kg8 38.Re1 exd5 39.Re3 Ne4 40.Rh3 Kf8 41.
Bxe4 dxe4 42.Qxe4 Qe6 43.Rh8+ Ke7 44.Qb7+ Qd7 45.Qe4+ Kd6 46.Rh4 Kc7 47.a5
Qd1+ 48.Kh2 Qd6+ 49.Kg1 Kb8 50.Qe3 Re8 0-1

[Event "24th Reykjavik op"]
[Site "Reykjavik ISL"]
[Date "2009.04.01"]
[Round "9.22"]
[White "Arngrimsson, Dagur"]
[Black "Guilleux, Fabien"]
[WhiteElo "2404"]
[BlackElo "2303"]
[Result "1-0"]
[EventDate "2009.03.24"]
[PlyCount "51"]

1.e4 c5 2.Nf3 d6 3.d4 Nf6 4.Nc3 cxd4 5.Nxd4 Nc6 6.Bc4 e6 7.Bb3 a6 8.O-O 
Qc7 9.Be3 b5 10.Nxc6 Qxc6 11.a4 b4 12.a5 Bd7 13.Na4 Qxe4 14.Re1 Bc6 15.f3 
Qg6 16.Nb6 Rd8 17.c3 bxc3 18.Ba4 Bd7 19.Nxd7 Nxd7 20.Bb6 cxb2 21.Rb1 Rc8 
22.Rxb2 Be7 23.Bxd7+ Kxd7 24.Qa4+ Rc6 25.Rc1 Rc8 26.Rbc2 1-0

[Event "24th Reykjavik op"]
[Site "Reykjavik ISL"]
[Date "2009.04.01"]
[Round "9.39"]
[White "Westerberg, Claes Goran"]
[Black "Naslund, Mikael"]
[WhiteElo "1864"]
[BlackElo "2195"]
[Result "1/2-1/2"]
[EventDate "2009.03.24"]
[PlyCount "24"]

1.e4 c5 2.c3 Nf6 3.e5 Nd5 4.d4 cxd4 5.Nf3 Nc6 6.cxd4 d6 7.Bc4 e6 8.O-O Be7
9.Nc3 Nxc3 10.bxc3 dxe5 11.Nxe5 Nxe5 12.dxe5 Qxd1 1/2-1/2

[Event "24th Reykjavik op"]
[Site "Reykjavik ISL"]
[Date "2009.04.01"]
[Round "9.43"]
[White "Cross, Ted"]
[Black "Karlsson, Mikael Johann"]
[WhiteElo "2076"]
[BlackElo "1505"]
[Result "1/2-1/2"]
[EventDate "2009.03.24"]
[PlyCount "81"]

1.e4 c5 2.Nf3 e6 3.d4 cxd4 4.Nxd4 Nf6 5.Bd3 Qb6 6.Nb5 a6 7.Be3 Bc5 8.Bxc5 
Qxc5 9.N5c3 Nc6 10.Nd2 b5 11.O-O Bb7 12.Kh1 O-O 13.f4 d6 14.a3 Rfd8 15.Nb3
Qb6 16.Qe2 Qc7 17.Rad1 Rac8 18.Rf3 Ne7 19.Rh3 Ng6 20.Rf1 e5 21.fxe5 dxe5 
22.Rg3 Nf4 23.Qf2 N6h5 24.Rf3 Nxd3 25.cxd3 Nf4 26.Nc1 Rd7 27.g3 Ne6 28.Nd5
Bxd5 29.exd5 Nd4 30.Re3 Rxd5 31.Re4 Rc5 32.Ne2 Nxe2 33.Rxe2 Rd8 34.d4 exd4
35.Qxd4 Qc6+ 36.Qe4 g6 37.Qxc6 Rxc6 38.Re7 Rf8 39.Ra7 Kg7 40.Rf2 h5 41.h4 
1/2-1/2

[Event "24th Reykjavik op"]
[Site "Reykjavik ISL"]
[Date "2009.04.01"]
[Round "9.45"]
[White "Vigfusson, Vigfus"]
[Black "Unnarsson, Sverrir"]
[WhiteElo "2027"]
[BlackElo "1860"]
[Result "1-0"]
[EventDate "2009.03.24"]
[PlyCount "83"]

1.e4 d5 2.exd5 Nf6 3.d4 Nxd5 4.c4 Nb6 5.c5 Nd5 6.Bc4 e6 7.Nf3 Be7 8.O-O 
O-O 9.Nc3 b6 10.Nxd5 exd5 11.Bd3 Bf6 12.h3 Re8 13.Rb1 Ba6 14.b4 Bxd3 15.
Qxd3 Nc6 16.Be3 a5 17.b5 Ne7 18.Rfc1 Ng6 19.Rc2 Rc8 20.Rbc1 Qd7 21.cxb6 
cxb6 22.Rc6 Rxc6 23.Rxc6 Re6 24.Rc3 Re8 25.a4 Rc8 26.Qc2 Rxc3 27.Qxc3 Bd8 
28.Ne5 Nxe5 29.dxe5 Qc7 30.Qxc7 Bxc7 31.Bd4 g6 32.f4 h5 33.g4 hxg4 34.hxg4
Kf8 35.Kf2 Ke7 36.f5 gxf5 37.gxf5 Kd7 38.Ke3 Bd8 39.Bc3 Be7 40.Kd4 f6 41.
Kxd5 fxe5 42.Bxe5 1-0

[Event "24th Reykjavik op"]
[Site "Reykjavik ISL"]
[Date "2009.04.01"]
[Round "9.51"]
[White "Sverrisson, Nokkvi"]
[Black "Benediktsson, Frimann"]
[WhiteElo "1675"]
[BlackElo "1939"]
[Result "0-1"]
[EventDate "2009.03.24"]
[PlyCount "92"]

1.e4 c6 2.d4 d5 3.Nc3 dxe4 4.Nxe4 Bf5 5.Ng3 Bg6 6.h4 h6 7.Nf3 Nd7 8.h5 Bh7
9.Bd3 Bxd3 10.Qxd3 e6 11.Bf4 Qa5+ 12.Bd2 Bb4 13.c3 Be7 14.Bf4 Ngf6 15.Be5 
Rd8 16.Qc2 O-O 17.O-O c5 18.Bxf6 Nxf6 19.dxc5 Qxc5 20.Rfe1 Rd5 21.Ne4 Qc7 
22.Nxf6+ Bxf6 23.Qa4 b6 24.Qg4 Rfd8 25.Rac1 b5 26.g3 a5 27.c4 Rc5 28.b3 
Rc8 29.Nd2 Be7 30.Kh2 Qb6 31.Kg2 R5c6 32.Re5 Qd8 33.Nf1 bxc4 34.Rxc4 Rxc4 
35.bxc4 Bc5 36.Re2 Bb4 37.Ne3 Qd3 38.Rc2 Bd2 39.Qd1 Qe4+ 40.f3 Qxe3 41.
Rxd2 Rxc4 42.Rd8+ Kh7 43.Qb1+ f5 44.g4 Qe2+ 45.Kg3 Rc2 46.gxf5 Qh2+ 0-1

[Event "24th Reykjavik op"]
[Site "Reykjavik ISL"]
[Date "2009.04.01"]
[Round "9.54"]
[White "Eiriksson Vikingur, Fjalar"]
[Black "Sigurdsson, Birkir Karl"]
[WhiteElo "1882"]
[BlackElo "1355"]
[Result "1-0"]
[EventDate "2009.03.24"]
[PlyCount "65"]

1.e4 e5 2.Nf3 Nc6 3.Nc3 Nf6 4.Bb5 Bd6 5.d4 a6 6.Bxc6 exd4 7.Qxd4 dxc6 8.
Bg5 Be7 9.O-O-O Qxd4 10.Nxd4 c5 11.Nb3 h6 12.Bxf6 gxf6 13.Nd5 Bd6 14.Nxf6+
Ke7 15.Nd5+ Kf8 16.g3 Bg4 17.Rd2 b6 18.Nxb6 cxb6 19.Rxd6 Rb8 20.f4 Kg7 21.
h3 Be6 22.f5 Bxb3 23.axb3 Rhe8 24.Re1 Re5 25.Kd2 a5 26.Ke3 Rbe8 27.Kf4 b5 
28.Ra6 f6 29.Rxa5 b4 30.c3 h5 31.cxb4 cxb4 32.Rxe5 fxe5+ 33.Kg5 1-0